[Event "Frankfurt-chA"]
[Site "Frankfurt"]
[Date "2013.06.03"]
[Round "5"]
[White "Steiz, Johann"]
[Black "Crnjac, Zdravko"]
[Result "1-0"]
[WhiteElo "1603"]
[BlackElo "1478"]
[PlyCount "105"]
[EventDate "2013.04.29"]
[EventType "swiss"]
[EventRounds "7"]
[EventCountry "GER"]
[SourceTitle "EXT 2014"]
[Source "ChessBase"]
[SourceDate "2013.11.20"]
[SourceVersion "1"]
[SourceVersionDate "2013.11.20"]
[SourceQuality "1"]

1. e4 e5 2. Nf3 Nc6 3. Bc4 Nf6 4. Nc3 Bc5 5. d3 d6 6. Bg5 h6 7. Bxf6 gxf6 8. Nd5 Be6 9. a3 Ne7 10. Nxf6+ Kf8 11. Bxe6 fxe6 12. d4 exd4 13. Nxd4 Bxd4 14. Qxd4 e5 15. Qd1 Ng8 16. Nd5 Rh7 17. Qh5 c6 18. Ne3 Nf6 19. Qg6 Rc8 20. Nf5 Rcc7 21. f3 Rcd7 22. 0-0-0 d5 23. exd5 cxd5 24. Rhe1 e4 25. fxe4 Nxe4 26. Nd4 Qg5+ 27. Qxg5 hxg5 28. Ne6+ Kg8 29. h3 Rhe7 30. Nd4 Rf7 31. Nf3 Rfe7 32. Rd4 b5 33. Red1 Nf2 34. R1d2 Ne4 35. Re2 Kf8 36. Rd1 Kg7 37. Nd4 Nd6 38. Rde1 Rxe2 39. Rxe2 Rf7 40. Nf3 Ne4 41. c3 a6 42. Kc2 Kf6 43. Nd2 Kf5 44. Nxe4 dxe4 45. Rf2+ Ke6 46. Rxf7 Kxf7 47. Kd2 Ke6 48. Ke3 Kf5 49. g3 a5 50. b3 Ke5 51. h4 b4 52. axb4 axb4 53. cxb4 1-0

[Event "Frankfurt-chA"]
[Site "Frankfurt"]
[Date "2013.04.29"]
[Round "1"]
[White "Mussler, Thomas"]
[Black "Crnjac, Zdravko"]
[Result "0-1"]
[WhiteElo "2090"]
[BlackElo "1478"]
[PlyCount "68"]
[EventDate "2013.04.29"]
[EventType "swiss"]
[EventRounds "7"]
[EventCountry "GER"]
[SourceTitle "EXT 2014"]
[Source "ChessBase"]
[SourceDate "2013.11.20"]
[SourceVersion "1"]
[SourceVersionDate "2013.11.20"]
[SourceQuality "1"]

1. e4 e5 2. d4 exd4 3. Qxd4 b6 4. Nc3 Bb7 5. Bd2 Nc6 6. Qe3 Bc5 7. Qg3 Qf6 8. 0-0-0 Bd6 9. f4 Qg6 10. Qxg6 hxg6 11. Nf3 f6 12. Nb5 0-0-0 13. Nxd6+ cxd6 14. Bc3 Kc7 15. e5 dxe5 16. fxe5 Rh5 17. exf6 gxf6 18. Bd3 Nce7 19. Rd2 Nf5 20. Re2 Bxf3 21. gxf3 Ng3 22. hxg3 Rxh1+ 23. Kd2 f5 24. g4 fxg4 25. fxg4 g5 26. Re5 Nh6 27. Rxg5 Rg1 28. Bg7 Rg2+ 29. Be2 Re8 30. Re5 Rxe5 31. Bxe5+ d6 32. Bf4 Nxg4 33. a4 Nf6 34. c4 Nh5 0-1

[Event "Frankfurt-ch"]
[Site "Frankfurt"]
[Date "2011.06.06"]
[Round "6"]
[White "Crnjac, Zdravko"]
[Black "Krischak, Werner"]
[Result "1-0"]
[WhiteElo "1482"]
[BlackElo "1822"]
[PlyCount "95"]
[EventDate "2011.05.02"]
[EventType "swiss"]
[EventRounds "7"]
[EventCountry "GER"]
[SourceTitle "EXT 2012"]
[Source "ChessBase"]
[SourceDate "2011.11.24"]
[SourceVersion "1"]
[SourceVersionDate "2011.11.24"]
[SourceQuality "1"]

1. e3 c5 2. b3 e6 3. Bb2 Nf6 4. g3 d5 5. d3 Nc6 6. h3 Bd6 7. Nd2 b6 8. g4 e5 9. Ne2 Be6 10. a3 Qc7 11. Ng3 0-0-0 12. Ne2 h5 13. g5 Ng8 14. h4 Nge7 15. Nc3 Qd7 16. Be2 Bb8 17. Qb1 e4 18. Nd1 exd3 19. cxd3 d4 20. Ne4 Nf5 21. Qc2 Bd5 22. Bc1 Bxe4 23. dxe4 Nxe3 24. Ba6+ Kc7 25. fxe3 d3 26. Qh2+ Qd6 27. Qxd6+ Rxd6 28. Nf2 Ne5 29. Bd2 Kc6 30. a4 Rhd8 31. Rc1 Kd7 32. b4 Nf3+ 33. Kd1 Nxd2 34. Kxd2 cxb4 35. Nxd3 Ke7 36. Ke2 Re6 37. Kf3 b5 38. Bxb5 a6 39. Bc4 Rb6 40. Rb1 a5 41. Bd5 Bd6 42. Rhc1 g6 43. Nc5 Bxc5 44. Rxc5 Ra6 45. Rc7+ Rd7 46. Rxd7+ Kxd7 47. Bxf7 Rd6 48. Bd5 1-0